| 000 | 00448nam a2200157 a 4500 | ||
|---|---|---|---|
| 001 | 000018814 | ||
| 005 | 20200929165849.0 | ||
| 008 | 100519s1995 ec r 000 f spa d | ||
| 020 | _a9978610596 | ||
| 040 |
_aDO-SdBNP _bspa _cBNPHU |
||
| 100 | 1 |
_aThomas, Peter _d1942- _940566 |
|
| 245 | 1 | 0 |
_aGarabatos gringos : _bnovela / _cPeter Thomas. |
| 260 |
_aQuito : _bAbrapalabra, _c1995. |
||
| 300 |
_a130 p. ; _c21 cm. |
||
| 504 | _aBibliografía: p. 127-130 | ||
| 999 |
_c18334 _d18334 |
||